LDR 01102naa#a2200229#i#450# 001 RU\\bibl\120639 005 20260515073626.5 011 ## _a2587-6740 100 ## _a20260415b2026####ek#y0rusy0150####ca 102 ## _aRU 200 1# _aОценка динамики развития свеклосахарного подкомплекса АПК регионов Центрального федерального округа _eЖурнальная статья 210 1# _aМосква _cЭлектронная наука _d2026 215 ## _a7 с. 608 ## _aЖурнальная статья _2local 675 ## _aАгропромышленный комплекс. 338.436.33 _z 700 #1 _aЩербаков _gДмитрий Борисович 700 #1 _aХарченко _gЕкатерина Владимировна 700 #1 _aБолохонцева _gЮлия Ивановна 700 #1 _aПетрушина _gОльга Вячеславовна 700 #1 _aРустамов _gДавид Мурвалатович 700 #1 _aЖиляков _gДмитрий Иванович 856 4# _astolypinvestnik.ru _u